000 00303nam a2200133 i 4500
001 bg
100 1 _aPIOTROWSKI, Witold
245 0 _aWytwornice pary /
_cWitold Piotrowski.
260 _aGDAƃSK,
_c1977.
040 _cBPK
041 _apol
942 _cKS
008 s pl f |000 0 pol
999 _c17918
_d17918
856 _uhttp://koha.tu.koszalin.pl/cgi-bin/koha/opac-detail.pl?biblionumber=17918
_yKatalog online BPK